Fichas de autoevaluación Netter Anatomía: cabeza y cuello

Enregistré dans:
Détails bibliographiques
Auteur principal: Hansen, John T (Auteur)
Format: Livre
Langue:espagnol
Publié: Madrid Elsevier Mason 2007
Édition:2a. ed
Sujets:
Tags: Ajouter un tag
Pas de tags, Soyez le premier à ajouter un tag!

MARC

LEADER 00000cam a2200000 a 4500
001 UCD8940
003 CL-VaPUC
008 170527e20070000sp |||||||||||||||||spa|d
020 |a 9788445817889 
082 0 4 |a 611  |b HAN  |2 21 
100 0 |a Hansen, John T  |e author  |9 592556 
245 1 0 |a Fichas de autoevaluación Netter Anatomía: cabeza y cuello 
246 1 0 |a Cabeza y cuello: Fichas de autoevaluación Netter Anatomía 
250 |a 2a. ed 
300 |a 84 p 
942 |c BK 
945 |d 20170527 00:32:00  |a arojas 
260 |a Madrid  |b Elsevier Mason  |c 2007 
650 0 |a Anatomía humana   |9 269546 
650 0 |a Cabeza  |9 344504 
650 0 |a Cuello  |9 344505 
583 |a last modification  |c 20170527 00:32:00  |k Rodrigo Vera 
999 |c 368246  |d 368244 
952 |0 0  |1 0  |3 erb  |4 0  |6 611_000000000000000_HAN_2007  |7 0  |8 A  |9 483521  |a BIBCUR  |b BIBCUR  |i 537877K  |o 611 HAN 2007  |p 537877K  |r 2025-04-22  |w 2019-11-24  |y BK  |z Catalogado en:20170527  |k KIN